பெண்களின் நிலம்: (Record no. 4825)
[ view plain ]
| 000 -LEADER | |
|---|---|
| fixed length control field | 01183nam a2200205 4500 |
| 008 - FIXED-LENGTH DATA ELEMENTS--GENERAL INFORMATION | |
| fixed length control field | 240228b |||||||| |||| 00| 0 eng d |
| 020 ## - ISBN | |
| ISBN | 9785672235 |
| 082 ## - DEWEY DECIMAL CLASSIFICATION NUMBER | |
| Classification number | 346.044 |
| Item number | MAU |
| 942 ## - ADDED ENTRY ELEMENTS (KOHA) | |
| Item Type | Reports |
| 100 ## - MAIN ENTRY--PERSONAL NAME | |
| Personal Name | மௌனகுரு, சித்திரலேகா |
| Personal Name (Transliterated) | Maunaguru, Sitralega |
| 700 ## - ADDED ENTRY--PERSONAL NAME | |
| Personal name | இமானுவேல், சரளா |
| Personal Name (Transliterated) | Emmanuel, Sarala |
| 700 ## - ADDED ENTRY--PERSONAL NAME | |
| Personal name | முருகதாஸ், அம்மன்கிளி |
| Relator Term | translator |
| Personal Name (Transliterated) | Murugathas, Ammankili |
| 242 ## - TRANSLATION OF TITLE BY CATALOGING AGENCY | |
| Title | Penkalin Nilam |
| 245 ## - TITLE STATEMENT | |
| Title | பெண்களின் நிலம்: |
| Sub Title | மட்டக்களப்பில் சுனாமிக்குப் பின்னர் மீள்குடியேற்ற முன்னெடுப்பில் பெண்களின் காணி உரிமைகள் பற்றிய ஆய்வு |
| 260 ## - PUBLICATION, DISTRIBUTION, ETC. (IMPRINT) | |
| Place of Publication | Batticaloa: |
| Name of Publisher | Suriya women's development centre, |
| Date of Copyright | 2010 |
| 300 ## - PHYSICAL DESCRIPTION | |
| Extent | viii, 63 p. : color ill., maps (some color); 30 cm |
| 650 ## - SUBJECT ADDED ENTRY--TOPICAL TERM | |
| Topical Term | Women and land use planning- Sri Lanka- Batticaloa District |
| 650 ## - SUBJECT ADDED ENTRY--TOPICAL TERM | |
| Topical Term | Right of property- Sri Lanka- Batticaloa District |
| 650 ## - SUBJECT ADDED ENTRY--TOPICAL TERM | |
| Topical Term | Land tenure- Sri Lanka- Batticaloa District |
| Withdrawn status | Lost status | Source of classification or shelving scheme | Damaged status | Not for loan | Permanent location | Current location | Date acquired | Total Checkouts | Full call number | Barcode | Date last seen | Price effective from | Koha item type |
|---|---|---|---|---|---|---|---|---|---|---|---|---|---|
| Dewey Decimal Classification | Resource center, Muslim Women's Research And Action Forum | Resource center, Muslim Women's Research And Action Forum | 2024-02-28 | 346.044 MAU | RAF5122 | 2024-02-28 | 2024-02-28 | Reports |

